| 000 | 00727nam a2200253Ia 4500 | ||
|---|---|---|---|
| 003 | OSt | ||
| 005 | 20250715175111.0 | ||
| 008 | 210423s2005 xx 000 0 und d | ||
| 020 | _a812290905 | ||
| 040 | _cAL | ||
| 041 | _aEnglish | ||
| 082 |
_a070.41 _bPATE |
||
| 100 |
_aBenton Rain Patterson _982042 |
||
| 245 |
_aEditor in chief _b: a management guide for magazine editors |
||
| 250 | _a2 | ||
| 260 |
_aNew Delhi _bSurjeeth Publications _c2005 |
||
| 300 |
_avii,200p. _bPB _c22.5x15.3cm. |
||
| 365 |
_b225 _cINR |
||
| 650 |
_aEditing _982043 |
||
| 650 |
_aJournalism _982044 |
||
| 700 |
_aPatterson, Coleman E P _9218856 |
||
| 906 | _achief: ; Editor ; editors. ; guide ; magazine ; management | ||
| 942 |
_2ddc _cBK |
||
| 999 |
_c155507 _d155507 |
||